|
|
|
|
| LEADER |
01082nam a2200277 a 4500 |
| 001 |
c000119353 |
| 003 |
CARM |
| 005 |
20010508090056.0 |
| 008 |
010405s1884 rura b 000 0 rusod |
| 019 |
1 |
|
|a 22526992
|5 LACONCORD2021
|
| 035 |
|
|
|a (OCoLC)8367966
|5 LACONCORD2021
|
| 040 |
|
|
|a VU
|b eng
|c VU
|
| 043 |
|
|
|a e-ur---
|
| 100 |
1 |
|
|a IAkushkin, P. I.
|q (Pavel Ivanovich),
|d 1822-
|
| 245 |
1 |
0 |
|a Sochineniia /
|c P.I. IAkushkina ; izdanie V.l. Mikhnevicha.
|
| 260 |
|
|
|a S.-Peterburg :
|b [s.n.],
|c 1884 ([S.-Peterburg] : F.S. Sushchinskago)
|
| 300 |
|
|
|a 708 p. :
|b port. ;
|c 24 cm.
|
| 504 |
|
|
|a Includes bibliographical references.
|
| 650 |
|
0 |
|a Folk-songs, Russian.
|
| 650 |
|
0 |
|a Folklore
|z Soviet Union.
|
| 651 |
|
0 |
|a Russia
|x Social life and customs
|y 1533-1917.
|
| 651 |
|
0 |
|a Soviet Union
|x Description and travel.
|
| 700 |
1 |
|
|a Mikhnevich, V. I.
|
| 852 |
8 |
|
|b CARM
|h A2:AK08E0
|i C03935
|p 0198485
|f BK
|
| 999 |
f |
f |
|i 1fe95d91-c69d-5d49-9a40-2eac093046fa
|s ad8433cb-703a-53f5-8995-1d49242c2b51
|
| 952 |
f |
f |
|p Can circulate
|a CAVAL
|b CAVAL
|c CAVAL
|d CARM 1 Store
|e C03935
|f A2:AK08E0
|h Other scheme
|i book
|m 0198485
|